000 00519nam a2200193Ia 4500
008 240510s9999 xx 000 0 und d
020 _a0003540637001
041 _aEng
082 _a006.3
082 _bL53
100 _aRetore, C (Ed)
245 0 _aLogical Aspects of Computational Linguistics: Lecture notes in computer science : Papers
260 _bSpringer: Tokyo
260 _c1996
300 _a434 p.
650 _aartificial intelligence : computational lingistics
942 _2ddc
942 _cLBK
999 _c27603
_d27603
945 _a1
_bMadushi Gamage
_c1
_dMadushi Gamage